000 00694nam a22001337a 4500
008 110621t xxu||||| |||| 00| 0 eng d
010 _aCACAF69
245 _aCourt of Appeal Civil Application No. 83 OF 2003 John Kigongo and another Vs Florence Nantume
260 _c2003
500 _aCoram: Hon. Lady Justice L.E.M. Mukasa-Kikonyogo, DCJ Hon. Mr. Justice A. Twinomujuni, JA Hon. Lady Justice C.K. Byamugisha, JA
500 _aArising out of H.C.C.S. No. 654 of 2000
999 _c3479
_d3479